|
|
|
|
| LEADER |
00000cam a2200000 7i4500 |
| 001 |
0000087613 |
| 005 |
20150312093000.0 |
| 008 |
141113s2008 nyu eng |
| 020 |
|
|
|a 0071486399
|
| 020 |
|
|
|a 0071594515 (e-book)
|
| 020 |
|
|
|a 9780071486392
|
| 020 |
|
|
|a 9780071594516 (e-book)
|
| 050 |
0 |
0 |
|a QA76.9.C55
|b C38 2008
|
| 090 |
0 |
0 |
|a QA76.9.C55
|b C38 2008
|
| 100 |
1 |
|
|a Cavalancia, Nick ,
|e author
|
| 245 |
1 |
0 |
|a Microsoft Exchange server 2007 [
|h electronic resource] :
|b a beginner's guide
|c Nick Cavalancia
|
| 260 |
|
|
|a New York :
|b McGraw-Hill ,
|c c2008
|
| 300 |
|
|
|a 1 online resource (xx, 507 p.) :
|b ill
|
| 500 |
|
|
|a Includes index
|
| 505 |
0 |
|
|a 1. Migration and deployment -- 2. Aministration -- 3. ministering clients -- 4. Avanced administration
|
| 650 |
|
0 |
|a Client/server computing
|
| 856 |
4 |
0 |
|3 McGraw Hill
|u http://mhebooklibrary.com/doi/pdf/10.1036/0071486399
|
| 999 |
|
|
|a 1000163171
|b Electronic Book
|c Electronic Resource
|e Gong Badak Campus
|